[Event "Thessaloniki-Chalkidiki CupT"]
[Site "Thessaloniki"]
[Date "2019.02.09"]
[Round "1.3"]
[White "Drakaki, Anna Maria"]
[Black "Ahparidis, Dimitrios"]
[Result "1-0"]
[WhiteElo "1895"]
[BlackElo "1032"]
[PlyCount "51"]
[EventDate "2019.02.09"]
[EventType "team-swiss"]
[EventRounds "5"]
[EventCountry "GRE"]
[SourceTitle "EXT 2021"]
[Source "ChessBase"]
[SourceDate "2020.10.23"]
[SourceVersion "1"]
[SourceVersionDate "2020.10.23"]
[SourceQuality "1"]

1. d4 Nf6 2. c4 g6 3. Nc3 Bg7 4. Bf4 d6 5. h3 b6 6. Nf3 Bb7 7. e3 Nbd7 8. Be2 0-0 9. 0-0 Nh5 10. Bh2 e6 11. Nd2 Nhf6 12. Bf3 d5 13. Rc1 Re8 14. cxd5 exd5 15. Nb5 Ba6 16. Nxc7 Bxf1 17. Nxe8 Qxe8 18. Qxf1 Qe7 19. Rc7 a5 20. Qc1 Re8 21. Bg3 h5 22. a3 g5 23. Qc6 Qd8 24. Bxd5 Nb8 25. Bxf7+ Kf8 26. Bd6+ 1-0